The Shining [

General viewing for all ages (U)

Bibliographic Details
Main Author: Kubrick, Stanley
Format: Book
Published: s.l. : Warner Bros Pictures , 2001
Subjects:

MARC

LEADER 00000cam a2200000 7i4500
001 0000166314
005 20120927.0
090 0 0 |a F   |b SHI 
100 1 |a Kubrick, Stanley 
245 1 4 |a The Shining [  |h digital video disc]   |c Stanley Kubrick 
260 |a s.l. :   |b Warner Bros Pictures ,   |c 2001 
300 |a 1 digital video disc (120 minutes) :   |b col 
500 |a Library has 2 copies 
520 0 |a General viewing for all ages (U) 
650 0 0 |a Movies, English 
999 |a AV 30461   |b DIGITAL VIDEO DISC   |c PINJAMAN   |e PERPUSTAKAAN KOMUNITI PETALING JAYA 
999 |a AV 30462   |b DIGITAL VIDEO DISC   |c PINJAMAN   |e PERPUSTAKAAN KOMUNITI PETALING JAYA